| 000 | 01253cam a22002294a 4500 | ||
|---|---|---|---|
| 005 | 20250605164241.0 | ||
| 008 | 250528s ||||||||||||||||||||||||d | ||
| 035 | _a21318 | ||
| 020 | _a9789604116928 | ||
| 040 |
_aGR-AtMCL _bgre _dGR-AtMCL _eAACR2 |
||
| 245 | 1 | _aΛειτουργικά Συστήματα / 2η Ελληνική Έκδοση | |
| 250 | _a2η | ||
| 260 |
_bΊων, _c2009 |
||
| 300 | _a896 | ||
| 520 | _aΈνα από τα καλύτερα βιβλία διεθνώς για την κάλυψη θεμελιωδών εννοιών των Λειτουργικών Συστημάτων, έννοιες εισαγωγικές και βασικές για την κατανόηση της Επιστήμης και Τεχνολογίας των Υπολογιστών. Περίληψη, Διαχείριση Διεργασιών, Διαχείριση Μνήμης, Διαχείριση Χώρου Μόνιμης Αποθήκευσης, Προστασία και Ασφάλεια, Συστήματα Ειδικού Σκοπού, Βιβλιογραφία, Πηγές. | ||
| 700 | 1 |
_aGagne Greg _97367 |
|
| 700 | 1 |
_aGalvin B. Peter _94491 |
|
| 700 | 1 |
_aSilberschatz Abraham _91853 |
|
| 942 | _cBK | ||
| 999 |
_c6383 _d6383 |
||